000 00364cam a2200157ua 4500
020 _a9788126523177
082 _a532
_bFOX/IN
245 _aIntroduction to fluid mechanics
250 _a7.
260 _aNew Delhi
_bWiley India
_c2010
300 _a754.
700 _aAlan T Mcdonald.
700 _aPhilip J Pritchard.
700 _aRobert W Fox.
942 _cBK
999 _c13596
_d13596